Hematology : (Record no. 21072)
[ view plain ]
| 000 -LEADER | |
|---|---|
| fixed length control field | 00596nam a22002292 4500 |
| 001 - CONTROL NUMBER | |
| control field | 0000024426 |
| 003 - CONTROL NUMBER IDENTIFIER | |
| control field | OSt |
| 005 - DATE AND TIME OF LATEST TRANSACTION | |
| control field | 20260119122344.0 |
| 008 - FIXED-LENGTH DATA ELEMENTS--GENERAL INFORMATION | |
| fixed length control field | 260119s xx 000 0 eng d |
| 020 ## - INTERNATIONAL STANDARD BOOK NUMBER | |
| International Standard Book Number | 0323043113 : |
| 040 ## - CATALOGING SOURCE | |
| Original cataloging agency | KABU |
| Transcribing agency | KABU |
| 050 ## - LIBRARY OF CONGRESS CALL NUMBER | |
| Classification number | RB45 |
| Item number | .H83 2024 |
| 100 1# - MAIN ENTRY--PERSONAL NAME | |
| Personal name | Hudnall, S. David. |
| 245 10 - TITLE STATEMENT | |
| Title | Hematology : |
| Remainder of title | a pathophysiologic approach. |
| 250 ## - EDITION STATEMENT | |
| Edition statement | 2nd ed. |
| 260 ## - PUBLICATION, DISTRIBUTION, ETC. (IMPRINT) | |
| Place of publication, distribution, etc. | Phildelphia, PA : |
| Name of publisher, distributor, etc. | Mosby, |
| Date of publication, distribution, etc. | 2024. |
| 300 ## - PHYSICAL DESCRIPTION | |
| Extent | xiii, 171 p. |
| 650 #0 - SUBJECT ADDED ENTRY--TOPICAL TERM | |
| Topical term or geographic name as entry element | Hematology. |
| 908 ## - PUT COMMAND PARAMETER (RLIN) | |
| Put command parameter | 130913 |
| 942 ## - ADDED ENTRY ELEMENTS (KOHA) | |
| Source of classification or shelving scheme | Library of Congress Classification |
| Koha item type | General Collection |
| Withdrawn status | Lost status | Source of classification or shelving scheme | Not for loan | Home library | Current library | Shelving location | Date acquired | Cost, normal purchase price | Inventory number | Total Checkouts | Total Renewals | Full call number | Barcode | Date last seen | Date last checked out | Copy number | Price effective from | Koha item type |
|---|---|---|---|---|---|---|---|---|---|---|---|---|---|---|---|---|---|---|
| Library of Congress Classification | Kabarak, Main Campus | Kabarak, Main Campus | General Stacks | 19/01/2026 | 5728.00 | 2026/3814 | 3 | 1 | RB45 .H83 2024 C.1 | 38657 | 01/03/2026 | 12/02/2026 | C.1 | 19/01/2026 | General Collection |